Rap romantika

Bibliographic Details
Format: Book

MARC

LEADER 00000cam a2200000 7i4500
001 0000007938
002 000008514
005 20000330.0
020 |a 9839806122 
090 0 0 |a F   |b MAY 
245 1 0 |a Rap romantika 
999 |a 043448   |b BUKU   |c PINJAMAN   |e PERPUSTAKAAN KOMUNITI PETALING JAYA 
999 |a 043449   |b BUKU   |c PINJAMAN   |e PERPUSTAKAAN KOMUNITI PETALING JAYA 
999 |a 043488   |b BUKU   |c PINJAMAN   |e PERPUSTAKAAN KOMUNITI PETALING JAYA 
999 |a 044436   |b BUKU   |c PINJAMAN   |e PERPUSTAKAAN KOMUNITI CAW KOTA DAMANSARA